Normal view
MARC view
- Jack: What I Learned Leading a Great Company with Great People
Entry Topical Term
001 - CONTROL NUMBER
- control field: 127525
003 - CONTROL NUMBER IDENTIFIER
- control field: NUST
005 - DATE AND TIME OF LATEST TRANSACTION
- control field: 20250113145329.0
008 - FIXED-LENGTH DATA ELEMENTS
- fixed length control field: 250113|| aca||aabn | a|a d
040 ## - CATALOGING SOURCE
- Original cataloging agency: NUST
- Transcribing agency: NUST
150 ## - HEADING--TOPICAL TERM
- Topical term or geographic name entry element: Jack: What I Learned Leading a Great Company with Great People
670 ## - SOURCE DATA FOUND
- Source citation: Work cat.: (NUST)612603: Jack Welch 125610, Jack: What I Learned Leading a Great Company with Great People, 2001.
